000 00488nam a2200181Ia 4500
001 7841
005 20260306160525.0
008 260306t2017||||xx |||||||||||||| ||spa||
041 _aESP
082 _a362.83
_bU81
100 _aUrra Portillo, Javier
_eAUT
245 0 _aLa huella del dolor:
_bestrategias de prevención y afrontamiento de la violencia de género
260 _c2017
300 _a175 páginas :
_c24 cm.
650 _aGEN
654 _aCED
942 _cLIB
_dJUS
_fJUS
_2ddc
_n
999 _c7841
_d7841